[Event "CPX.CO3.07"]
[Site "http://www.queenalice.com/game.php?id=985525"]
[Date "2011.9.15"]
[Round "-"]
[White "louco_dog"]
[Black "RubensFigueiredo"]
[Result "0-1"]
[WhiteElo "1566"]
[BlackElo "1709"]

1. e4 e5 2. Bd3 Nc6 3. f3 Nf6 4. Nc3 Bc5 5. g4 d5 6. exd5 Nxd5 7. Nxd5 Qxd5 8.
Nh3 O-O 9. Ng5 f6 10. Bxh7+ Kh8 11. d3 fxg5 12. Be4 Qd4 13. Rf1 Bxg4 14. Qe2 Bf5
15. Bxg5 Bxe4 16. dxe4 Qxb2 17. Qd1 Qc3+ 18. Bd2 Qc4 19. a4 Nd4 20. c3 Nb3 21.
Ra2 Nxd2 22. Qxd2 Rad8 23. Qg5 Qxa2 24. h4 Qa1+ 25. Ke2 Qxc3 26. Rc1 Qxf3+ 27.
Ke1 Qf2# 0-1

[Event " CPX.CO3.12"]
[Site "http://www.queenalice.com/game.php?id=985877"]
[Date "2011.9.16"]
[Round "-"]
[White "jeffersonpacaembu"]
[Black "louco_dog"]
[Result "0-1"]
[WhiteElo "1450"]
[BlackElo "1554"]

1. e4 e5 2. Qf3 d6 3. Bc4 Nf6 4. b3 Bg4 5. Qc3 Nxe4 6. Qd3 Bf5 7. g4 Qh4 8. Qd5
Qxf2+ 9. Kd1 Bxg4+ 10. Be2 Nf6 11. Qd3 e4 12. Qe3 Qg2 13. c3 Qxh1 14. Bxg4 Nxg4
15. Qe1 Qxh2 16. Qxe4+ Ne5 17. Nf3 Qh1+ 18. Kc2 Nd7 19. Qxb7 Rb8 20. Qxa7 Qxf3
21. b4 Qd3+ 22. Kb2 Nc4+ 23. Kb3 d5 24. Qxc7 Bd6 25. Qc6 Bf4 26. b5 O-O 27. Qxd7
Na5+ 28. Kb4 Rfd8 29. Qa7 Qxb5+ 30. Ka3 Bd6+ 0-1

[Event "CPX.CA4.07"]
[Site "http://www.queenalice.com/game.php?id=1078316"]
[Date "2012.7.1"]
[Round "-"]
[White "raszytko"]
[Black "louco_dog"]
[Result "1-0"]
[WhiteElo "2448"]
[BlackElo "1511"]

1. e4 e5 2. Nf3 Nc6 3. Bb5 Na5 4. Nc3 Nf6 5. Nxe5 c6 6. Bd3 Bd6 7. Nf3 O-O 8. e5
Qe7 9. O-O Bxe5 10. Re1 d6 11. b4 Ng4 12. h3 Qf6 13. hxg4 Bxg4 14. bxa5 Bxf3 15.
Qxf3 Qh6 16. g3 Rae8 17. Kg2 Bxc3 18. dxc3 Rxe1 19. Bxh6 Rxa1 20. Qg4 g6 21. Qd4
f6 22. Qxd6 Kf7 23. Qd7+ Kg8 24. Qg7# 1-0

[Event "CPX.CA4.18"]
[Site "http://www.queenalice.com/game.php?id=1078527"]
[Date "2012.7.2"]
[Round "-"]
[White "jeffersonpacaembu"]
[Black "louco_dog"]
[Result "1-0"]
[WhiteElo "1380"]
[BlackElo "1509"]

1. e3 e5 2. b3 b6 3. Bb2 Nc6 4. Nf3 Nf6 5. Bc4 Bc5 6. Nc3 e4 7. Ng5 d5 8. Bf1
Bg4 9. Be2 Ne5 10. d4 Nc6 11. dxc5 bxc5 12. h3 h6 13. hxg4 Qe7 14. Nxd5 Qd6 15.
Nxf6+ gxf6 16. Nxe4 Qe7 17. Bxf6 Qxe4 18. Bxh8 Rd8 19. Qb1 Qxg2 20. Rxh6 Qg1+
21. Bf1 Ne7 22. Bf6 Rd6 23. Qb2 Nd5 24. Qe5+ Kd7 25. Rd1 Nb4 26. Rxd6+ cxd6 27.
Qe7+ Kc6 28. Bg5 Nxc2+ 29. Ke2 Qxg4+ 30. Kd2 Nb4 31. Rxd6# 1-0

[Event "CPX.CA4.12"]
[Site "http://www.queenalice.com/game.php?id=1078852"]
[Date "2012.7.3"]
[Round "-"]
[White "louco_dog"]
[Black "raszytko"]
[Result "0-1"]
[WhiteElo "1556"]
[BlackElo "2450"]

1. e4 c5 2. Bd3 Nc6 3. Nf3 Nf6 4. b3 Nb4 5. e5 Nxd3+ 6. cxd3 Nd5 7. Ba3 Nf4 8.
O-O d6 9. exd6 Qxd6 10. Nh4 Qf6 11. Qg4 Bxg4 0-1

[Event "Challenge"]
[Site "http://www.queenalice.com/game.php?id=1083059"]
[Date "2012.7.15"]
[Round "-"]
[White "Rogerio11"]
[Black "louco_dog"]
[Result "1-0"]
[WhiteElo "1291"]
[BlackElo "1535"]

1. e4 e5 2. Bc4 Nf6 3. g4 Nxe4 4. Qf3 Ng5 5. Qf5 f6 6. Qd3 e4 7. Qb3 Bc5 8. d3
exd3 9. cxd3 Qe7+ 10. Ne2 Nf3+ 11. Kd1 Bxf2 12. Nd4 Bxd4 13. Nd2 Ne5 14. Bd5
Nxg4 15. Ne4 f5 16. Bg5 Qf8 17. Bxb7 Bxb7 18. Qxb7 d5 19. Qxa8 Kd7 20. Qxd5+ Ke8
21. Qe6+ 1-0

[Event "CPX.CO4.01"]
[Site "http://www.queenalice.com/game.php?id=1149759"]
[Date "2013.2.8"]
[Round "-"]
[White "raszytko"]
[Black "louco_dog"]
[Result "1-0"]
[WhiteElo "2438"]
[BlackElo "1477"]

1. d4 e6 2. Nf3 Nc6 3. e4 a6 4. Nbd2 Qe7 5. Bd3 d5 6. O-O Nf6 7. e5 Nh5 8. Nb3
b6 9. g4 Nb4 10. gxh5 h6 11. Be2 c5 12. dxc5 bxc5 13. Be3 Qc7 14. c3 c4 15. cxb4
cxb3 16. b5 f5 17. Qxb3 a5 18. b6 Qb7 19. Rfc1 a4 20. Bb5+ Bd7 21. Qd3 Ra5 22.
Rc7 Bxb5 23. Qc3 Qa6 24. b7 Qa8 25. Qxa5 Qxa5 26. b8=Q# 1-0

[Event "CPX.CO4.08"]
[Site "http://www.queenalice.com/game.php?id=1150097"]
[Date "2013.2.9"]
[Round "-"]
[White "jeffersonpacaembu"]
[Black "louco_dog"]
[Result "1-0"]
[WhiteElo "1427"]
[BlackElo "1477"]

1. e4 e5 2. Nf3 Nc6 3. Nc3 Nf6 4. b3 Bc5 5. Bc4 Ng4 6. Qe2 Bxf2+ 7. Kd1 d6 8. h3
Nd4 9. Qd3 c5 10. hxg4 Bxg4 11. Rf1 Bg3 12. Ba3 Bxf3+ 13. gxf3 Qg5 14. Nd5 O-O-O
15. Qc3 b5 16. Qa5 Bf4 17. Qc7# 1-0

[Event "OS INCLIVEIS"]
[Site "http://www.queenalice.com/game.php?id=1162349"]
[Date "2013.3.18"]
[Round "-"]
[White "adelio"]
[Black "louco_dog"]
[Result "0-1"]
[WhiteElo "1828"]
[BlackElo "1459"]

1. d4 d5 2. e4 Nf6 3. e5 Ng4 4. h3 Nxf2 5. Kxf2 e6 6. Nf3 c5 7. c4 dxc4 8. Nc3
cxd4 9. Nxd4 Bc5 10. Be3 f6 11. Qh5+ g6 12. Qh6 fxe5 13. Qg7 Rf8+ 14. Nf3 Qd2+
15. Ne2 Qxe3+ 16. Kg3 e4 17. Qxh7 Bd6+ 18. Kh4 exf3 19. Qxg6+ Rf7 20. gxf3 Qxf3
21. Rg1 Be7+ 22. Rg5 e5 23. Qg8+ Kd7 24. Rd1+ Kc7 25. Qg6 Bxg5+ 26. Qxg5 Rh7+
27. Qh6 Rxh6+ 28. Kg5 Qh5# 0-1

[Event "CPX.TR3.01"]
[Site "http://www.queenalice.com/game.php?id=1166909"]
[Date "2013.4.1"]
[Round "-"]
[White "louco_dog"]
[Black "raszytko"]
[Result "0-1"]
[WhiteElo "1482"]
[BlackElo "2448"]

1. e4 d5 2. Nc3 Nf6 3. Bb5+ c6 4. Qe2 cxb5 5. Qxb5+ Bd7 6. Qxb7 Bc6 7. Qb4 e5 8.
Qb3 d4 9. Nce2 Nxe4 10. d3 Nc5 11. Qc4 Bd5 12. Qb5+ Nc6 13. Bd2 Rb8 14. Ba5 Qd6
15. Bc7 Qxc7 16. c4 Bxg2 17. Ng3 Nxd3+ 18. Kd2 Rxb5 19. cxb5 Ncb4 20. N1e2 Qc2#
0-1